| 000 | 01636nab a22002417a 4500 | ||
|---|---|---|---|
| 999 |
_c5642 _d5642 |
||
| 003 | OSt | ||
| 005 | 20251226212415.0 | ||
| 008 | 190603e xxum|||| |||| 00| 0 spa d | ||
| 040 | _cPJ | ||
| 100 |
_96609 _aBoquin, Gabriela F. |
||
| 245 | 1 | 0 |
_aAlcance e implicancias del Convenio 173 de la OIT en procesos liquidatarios y concursales a la luz del precedente "Acevedo" / _cGabriela Fernanda Boquin. |
| 260 |
_cCiudad Autónoma de Buenos Aires : _aThomson Reuters La Ley, _b2025. |
||
| 300 | _ap. 65-76 | ||
| 500 | _aCita: TR LALEY AR/DOC/1041/2025 Publicado en: RCCyC 2025 (junio). | ||
| 505 | _aSumario: I. Introducción.— II. La OIT y sus convenios para protección laboral ante la insolvencia.— III. El Convenio 173 de la Organización Internacional de Trabajo y la Recomendación 180.— IV. El caso CS "Pinturas y Revestimientos".— V. El caso "Acevedo".— VI. Las contradicciones cortesanas.— VII. La Convención de Viena y el principio de no obstrucción del derecho internacional.— VIII. La obstrucción o frustración del objeto y fines del convenio por parte del Poder Legislativo.— IX. La subordinación del crédito del Estado respecto del crédito laboral.— X. Conclusiones. | ||
| 505 | _t¿Te interesa el texto completo? Solicitalo al correo: koha@justierradelfuego.gov.ar | ||
| 650 | 0 |
_91497 _aCODIGO CIVIL Y COMERCIAL |
|
| 650 | 0 |
_91316 _aDERECHO LABORAL |
|
| 650 | 0 |
_9699 _aFALLOS DE LA CORTE SUPREMA |
|
| 650 | 0 |
_91739 _aQUIEBRA |
|
| 773 | 0 |
_02713 _93170 _dCiudad Autónoma de Buenos Aires : Thomson Reuters La Ley, 2015- _tRevista Código Civil y Comercial. Nº 3 - Junio 2025 |
|
| 942 |
_2udc _cANA |
||